LEADER 00855nam0-22002651i-450 001 990006160820403321 005 20230306153437.0 100 $a19980601d1993----km-y0itay50------ba 101 $aita 102 $aIT 105 $a--------00-yy 200 1 $a<>VALUTAZIONE dei beni immobiliari$eAtti del Convegno di Bologna dedicato all'Ing. Giancarlo Falzoni 14 settembre 1992$fa cura di Giancarlo Barbiroli, Antonio Matacena. 210 $aMilano$cGiuffre'$d1993 215 $aV, 222 p.$d24 cm 676 $a346.065 700 $aBarbiroli,$bGiancarlo$0460566 701 $aMatacena,$bAntonio$0460414 702 $aFalzoni,$bGiancarlo 801 0$aIT$bUNINA$gRICA$2UNIMARC 901 $aBK 912 $a990006160820403321 952 $aCONG. V 9$b23957*$fFGBC 959 $aFGBC 996 $aVALUTAZIONE dei beni immobiliari$93020865 997 $aUNINA LEADER 01220nas 2200385-a 450 001 996211936903316 005 20181115064157.2 035 $a(DE-599)ZDB1480924-2 035 $a(OCoLC)42938157 035 $a(CKB)954933111400 035 $a(CONSER)--2008263063 035 $a(EXLCZ)99954933111400 100 $a19991206b19982002 s-- - 101 0 $aeng 135 $aurcnu|||||||| 181 $ctxt$2rdacontent 182 $cc$2rdamedia 183 $acr$2rdacarrier 200 00$aElectronic geosciences 210 $aBerlin ;$aHeidelberg $cSpringer-Verlag$d1998-©2002 300 $aRefereed/Peer-reviewed 311 $a1436-2511 606 $aGeology$xComputer programs$vPeriodicals 606 $aGeology$xStatistical methods$vPeriodicals 606 $aGeology$xComputer programs$2fast$3(OCoLC)fst00940638 606 $aGeology$xStatistical methods$2fast$3(OCoLC)fst00940698 608 $aPeriodicals.$2fast 615 0$aGeology$xComputer programs 615 0$aGeology$xStatistical methods 615 7$aGeology$xComputer programs. 615 7$aGeology$xStatistical methods. 906 $aJOURNAL 912 $a996211936903316 996 $aElectronic geosciences$92547765 997 $aUNISA LEADER 02922oam 2200517I 450 001 9910784952103321 005 20230725023625.0 010 $a1-136-97219-6 010 $a1-136-97220-X 010 $a1-282-65639-2 010 $a9786612656392 010 $a0-203-85183-8 024 7 $a10.4324/9780203851838 035 $a(MiAaPQ)EBC547368 035 $a(Au-PeEL)EBL547368 035 $a(CaPaEBR)ebr10402228 035 $a(CaONFJC)MIL265639 035 $a(OCoLC)646788545 035 $a(OCoLC)650075707 035 $a(EXLCZ)992670000000029628 100 $a20180706d2011 uy 0 101 0 $aeng 135 $aur|n|---||||| 200 10$aEffective practice in spatial planning /$fJanice Morphet 210 1$aNew York :$cRoutledge,$d2011. 215 $a1 online resource (xv, 291 p.) $cill 225 1 $aThe RTPI library series 311 $a0-415-49282-3 311 $a0-415-49281-5 320 $aIncludes bibliographical references and index. 327 $a1. What is Spatial Planning? -- 2. The Local Governance Context of English Spatial Planning -- 3. The English Spatial Planning System -- 4. The Evidence Base of Spatial Planning -- 5. Community Involvement in Spatial Planning -- 6. Making Places - Delivery Through Spatial Planning -- 7. Taking an Integrated Approach to Local Spatial Delivery -- 8. Managing Spatial Planning -- 9. Regional and Sub-regional Spatial Planning -- 10. Spatial Planning in Scotland, Wales and Northern Ireland -- 11. Spatial Planning in Europe, North America and Australia -- 12. Effective Spatial Planning. 330 $aAfter years of being regarded as a regulatory tool, spatial planning is now a key agent in delivering better places for the future. Dealing with the role of spatial planning in major change such as urban extensions or redevelopment, this book asks how it can deliver at the local level. Setting out the new local governance within which spatial planning now operates and identifying the requirements of successful delivery, this book also provides an introduction to project management approaches to spatial planning. It details what the rules are for spatial planning, the role of evidence and public involvement in delivering the local vision and how this works as part of coherent and consistent sub-regional approach. The conclusion is a forward look at what is likely to follow the effective creation of inspiring and successful places using spatial planning as a key tool. 410 0$aRTPI library series. 606 $aCity planning$zEngland 606 $aRegional planning$zEngland 615 0$aCity planning 615 0$aRegional planning 676 $a307.1/2160942 700 $aMorphet$b Janice.$0275412 801 0$bMiAaPQ 801 1$bMiAaPQ 801 2$bMiAaPQ 906 $aBOOK 912 $a9910784952103321 996 $aEffective practice in spatial planning$9245415 997 $aUNINA